000 00794nam a2200229 a 4500
999 _c588
_d588
001 588
003 BD-JhCC
005 20171015170741.0
008 171007s1998 bg |||| |||| 000 0 ben d
020 _a9789844043008
035 _a(BD-JhCC)588
040 _aBD-JhCC
_dBD-JhCC
041 _aben
082 _a891.443
_bIQB 1998
100 _aইকবাল, মুহম্মদ জাফর
245 _aবাচ্চা ভয়ংকর কাচ্চা ভয়ংকর /
_cমুহম্মদ জাফর ইকবাল
260 _aঢাকা;
_bঅনুপম প্রকাশনী,
_c১৯৯৮
300 _a১০৪ পৃ.;
_c২২ সে.মি.
650 _aBengali Jouvenile Novel
942 _2ddc
_cBK